| 000 | 01231cam a2200349 a 4500 | ||
|---|---|---|---|
| 999 |
_c944 _d944 |
||
| 001 | 000030456673 | ||
| 003 | ALUPE UNIVERSITY | ||
| 005 | 20210622113354.0 | ||
| 008 | 040628s2004 onc b 000 0 eng | ||
| 016 | _a20049040626 | ||
| 020 | _a1551302357 | ||
| 035 | _a(Sirsi) 9518216 | ||
| 040 |
_aCaOONL _beng _cCaOONL |
||
| 050 |
_aHM586 _bR48 2004 |
||
| 055 | 3 |
_aHM586 _bR48 2004 |
|
| 082 | 0 |
_a301 _222 |
|
| 090 | _a301 RET | ||
| 245 | 0 | 0 |
_aRethinking society in the 21st century : _bcritical readings in sociology / _cedited by Michelle Webber and Kate Bezanson. |
| 260 |
_aToronto : _bCanadian Scholars' Press, _c2004. |
||
| 300 | _axii, 328 pages | ||
| 336 |
_atext _btxt _2rdacontent |
||
| 337 |
_aunmediated _bn _2rdamedia |
||
| 338 |
_avolume _bnc _2rdacarrier |
||
| 504 | _aIncludes bibliographical references. | ||
| 650 | 0 |
_aSociology _vTextbooks. |
|
| 651 | 0 |
_aCanada _xSocial conditions _y1991- _vTextbooks. |
|
| 700 | 1 | _aWebber, Michelle. | |
| 700 | 1 | _aBezanson, Kate. | |
| 906 |
_aAG:0:9 _aBF:3:2 _aBY:0:1 _aCED:1:7 _aCL:0:8 _aDM:4:4 _aDT:0:1 _aEA:0:1 _aFP:1:0 _aFV:3:5 _aJS:0:1 _aMRV:2:0 _aPA:3:1 _aPK:1:0 _aPR:1:2 _aRI:0:1 _aRS:8:21 _aSWS:0:4 _aTH:1:0 _aYW:0:5 |
||
| 942 |
_2lcc _cBK _nMM |
||
| 948 |
_a22/09/2004 _b14/12/2004 |
||